Soruları ve cevaplarıyla Demokratik Açılım Süreci (Record no. 10131)
[ view plain ]
| 000 -BAŞLIK | |
|---|---|
| Sabit Uzunlukta Kontrol Alanı | 01015na a2200277 4500 |
| 001 - KONTROL NUMARASI | |
| Denetim Alanı | 16240 |
| 003 - KONTROL NUMARASI IDENTIFIER | |
| Denetim Alanı | MIRAKIL |
| 005 - SON İŞLEM TARİHİ VE ZAMANI | |
| Denetim Alanı | 20181213155308.0 |
| 008 - SABİT-BOY VERİ ELEMANLARI - GENEL BİLGİLER | |
| Sabit Uzunlukta Kontrol Alanı | 161002b tu 000 0 |
| 035 ## - SİSTEM KONTROL NUMARASI | |
| Sistem Kontrol Numarası | 16240 |
| 040 ## - KATALOGLAMA KAYNAK | |
| Orijinal Kataloglama Ajansı | Milas |
| Kataloglama Dili | tur |
| Metne Dönüştürmek Ajansı | TR-AnCHP |
| 041 ## - DİL KODU | |
| Metin / Ses Parça Veya Ayrı Başlığın Dil Kodu | tur |
| 082 ## - DEWEY ONLU SINIFLANDIRMA NUMARASI | |
| Sınıflandırma Numarası | 321.8 |
| Ürün Numarası | T25s 2010 |
| 090 ## - SINIFLAMA NUMARASI | |
| Sınıflama Numarası | 321.8 T25s 2010 |
| 110 ## - ANA GİRİŞ - KURUMSAL ADI | |
| Giriş Elemanı Olarak Kurumsal Ad Veya Yargı Alanı Adı | Tanıtım ve Medya Başkanlığı |
| 245 ## - BAŞLIK TABLOSU | |
| Başlık | Soruları ve cevaplarıyla Demokratik Açılım Süreci |
| Başlığın Kalan | Milli Birlik ve Kardeşlik Projesi |
| Sorumluluk Tablosu, Vb | haz. AK Parti Tanıtım ve Medya Başkanlığı |
| 246 ## - UNVAN FORM VARYING | |
| Başlık Doğru / Kısa Başlığı | Milli Birlik ve Kardeşlik Projesi |
| 260 ## - YAYIN, DAĞITIM, VB | |
| Yayın, Dağıtım, Vb Yeri | Ankara |
| Yayıncı, Dağıtıcı, Vs Adı | AK Parti |
| Yayın, Dağıtım, Vb Tarihi | 2010 |
| 300 ## - FİZİKSEL TANIM | |
| Kapsam | 133 s. |
| Diğer Fiziksel Ayrıntıları | fotğ. |
| Boyutlar | 30 sm. |
| 440 ## - SERİSİ TABLOSU / KATMA GİRİŞİ - BAŞLIK | |
| Başlık | Adalet ve Kalkınma Partisi Yayınları |
| 600 ## - KONU KATMA GİRİŞ - KURUMSAL ADI | |
| Kişisel Ad | Erdoğan, Recep Tayyip |
| Genel Alt Bölümü | Açılım politikaları |
| 610 ## - KONU KATMA GİRİŞ - TOPLANTI ADI | |
| Giriş Elemanı Olarak Kurumsal Ad Veya Yargı Alanı Adı | Demokratik açılım |
| Genel Alt Bölüm | AKP |
| Kronolojik Alt Bölüm | Terörizmle mücadele |
| 650 ## - KONU KATMA GİRİŞ - TOPİKAL DÖNEM | |
| Topikal Süreli Veya Coğrafi Ad Giriş Elemanı | Demokratik açılım süreci |
| Coğrafi Alt Bölümü | Türkiye |
| 650 ## - KONU KATMA GİRİŞ - TOPİKAL DÖNEM | |
| Topikal Süreli Veya Coğrafi Ad Giriş Elemanı | AKP iktidarı |
| Genel Alt Bölümü | Demokratik açılım süreci |
| Kronolojik Alt Bölümü | Siyasal eylem grupları |
| Coğrafi Alt Bölümü | Türkiye |
| 942 ## - EKLENDİ GİRİŞ ELEMANLARI (KOHA) | |
| Sınıflandırma Veya Raf Düzeni Kaynak | Dewey Decimal Classification |
| Koha Öğesi Türü | Books |
| 999 ## - SİSTEM KONTROL NUMARALARI (KOHA) | |
| Koha Biblionumber | 10131 |
| Koha Biblioitemnumber | 10131 |
| Kalıcı Konum | Mevcut Konum | Edinme Tarihi | Edinim Kaynak | Toplam Check-Out'Lar | Tam Çağrı Numarası | Barkod | Tarih Son Görülme | İtibaren Geçerli Fiyatlar | Koha Öğesi Türü |
|---|---|---|---|---|---|---|---|---|---|
| CHP Kütüphanesi | CHP Kütüphanesi | 10/01/2016 | Bağış | 321.8 T25s 2010 | 005139 | 10/01/2016 | 10/01/2016 | Books |
